| 000 | 00671 a2200181 4500 | ||
|---|---|---|---|
| 003 | Nust | ||
| 005 | 20170207154438.0 | ||
| 040 | _cNust | ||
| 082 | _a050 | ||
| 100 | _aMaj Gen Asim Saleem Bajwa,TBr | ||
| 245 |
_aHilal September -2012 _cMaj Gen Asim Saleem Bajwa,TBr |
||
| 250 | _a3, Volume 49 | ||
| 260 |
_aRawalpindi,Pakistan _bISPR Dte _cSeptember -2012 |
||
| 300 | _aEnglish-40 & Urdu-52p; | ||
| 505 | _aDefence Day Special (page-5) Serious Notes (Page-14) Food For Thought (Page-16) Valiant Heroes (Page-22) Poet’s Corner (page-7) Miscellanea (Page-29) News & Update (Page-32) | ||
| 538 | _aAlmirah Journals No.3 Shelf No.2 | ||
| 651 | _aPakistan Armed Forces Magazine | ||
| 942 | _cMAGS | ||
| 999 |
_c197726 _d197726 |
||